MODERN ALGEBRA AN INTRODUCTION (Record no. 9462)

MARC details
000 -LEADER
fixed length control field 00414nam a22001697a 4500
003 - CONTROL NUMBER IDENTIFIER
control field SGT
020 ## - INTERNATIONAL STANDARD BOOK NUMBER
International Standard Book Number 9812531653
082 ## - DEWEY DECIMAL CLASSIFICATION NUMBER
Classification number 512,DUR
100 ## - MAIN ENTRY--PERSONAL NAME
Personal name JOHN R,DURBIN
245 ## - TITLE STATEMENT
Title MODERN ALGEBRA AN INTRODUCTION
250 ## - EDITION STATEMENT
Edition statement 5TH
260 ## - PUBLICATION, DISTRIBUTION, ETC. (IMPRINT)
Place of publication, distribution, etc NEW DELHI
Name of publisher, distributor, etc WILEY
Year of Publication 2005
300 ## - PAGE DESCRIPTION
No. of Pages 354
650 ## - SUBJECT ADDED ENTRY--TOPICAL TERM
Topical term or geographic name as entry element ALGEBRA
653 ## - KEYWORDS--INDEX TERM
Keyword term MAPPINGS AND OPERATIONS, INTRODUCTION TO GROUPS,GROUP HOMOMORPHISMS
942 ## - ADDED ENTRY ELEMENTS (KOHA)
Source of classification or shelving scheme Dewey Decimal Classification
Koha item type FPS Books
Holdings
Withdrawn status Lost status Source of classification or shelving scheme Damaged status Not for loan Collection code Home library Current library Shelving location Date acquired Vendor Name Cost, normal purchase price SGTU Bill Number Full call number Accession No. (Barcode) Date last seen Bill Date Koha item type
    Dewey Decimal Classification   Not For Loan SCIENCE SGT Science & Social Sciences Library SGT Science & Social Sciences Library Reference Book 04/07/2016 AHUJA BOOK 356.00 SGTU 6884 512,DUR PS1857 04/07/2016 02/04/2016 FPS Books